• 首页
  • 本馆介绍
  • 公告通知
  • 最新文献
  • 馆藏检索
  • 电子资源
  • 读者导购
  • 参考咨询
  • 我的图书馆
  • 登录
  • 详细信息显示
  • 放入我的书架
  • 预约/预借图书
  • 作者相关作品
  • 分类相关作品
  • 丛书相关作品
  • 出版社相关作品

书目信息

  • 表格格式
  • 工作单格式
  • 卡片格式
题名:
中小学教育管理与课堂提问的有效性
    
 
作者: 胡淑英 , 马勇 , 杨艳华 主编
分册:  
出版信息: 南京   江苏凤凰美术出版社  2018.6
页数:
开本: 24cm
丛书名:
单 册:
中图分类: G630 , G632.421
科图分类:
主题词: 中小学教育--教育管理 , 中小学--课堂教学--教学研究
电子资源:
ISBN: 978-7-5580-4897-5
000 01111nam0 2200277 450
001 012001003223
005 20130125134106.0
010    @a978-7-5580-4897-5@dCNY66.00
100    @a20181031d2018 em y0chiy0110 ea
101 0  @achi
102    @aCN@b320000
105    @ay z 000yy
106    @ar
200 1  @a中小学教育管理与课堂提问的有效性@9zhong xiao xue jiao yu guan li yu ke tang ti wen de you xiao xing@f胡淑英,马勇,杨艳华主编
210    @a南京@c江苏凤凰美术出版社@d2018.6
215    @d24cm
330    @a中小学教育管理与课堂提问的有效性顺应当代中小学教育的需要,从理论出发,又重点讲述了教育管理与课堂提问的有效性的实用性内容,是针对中小学教育方面的理论与实战合一的一本书。因此,本书编者联合编著了这本《中小学教育管理与课堂提问的有效性》一书,希望对从事中小学教学与管理的老师有所帮助。
606 0  @a中小学教育@x教育管理
606 0  @a中小学@x课堂教学@x教学研究
690    @aG630@v5
690    @aG632.421@v5
701  0 @a胡淑英@9hu shu ying@4主编
701  0 @a马勇@9ma yong@4主编
701  0 @a杨艳华@9yang yan hua@4主编
801  0 @aCN@b江苏凤凰@c20191020
905    @b1217480-3@dG630@e639@f4
    
    中小学教育管理与课堂提问的有效性/胡淑英,马勇,杨艳华主编.-南京:江苏凤凰美术出版社,2018.6
    24cm
    
    
    ISBN 978-7-5580-4897-5:CNY66.00
    中小学教育管理与课堂提问的有效性顺应当代中小学教育的需要,从理论出发,又重点讲述了教育管理与课堂提问的有效性的实用性内容,是针对中小学教育方面的理论与实战合一的一本书。因此,本书编者联合编著了这本《中小学教育管理与课堂提问的有效性》一书,希望对从事中小学教学与管理的老师有所帮助。
●
相关链接 在E读中查询图书 在五车中查询图书 在当当中查询图书 在豆瓣中查询图书


正题名:中小学教育管理与课堂提问的有效性     索取号:G630/639         预约/预借

序号 登录号 条形码 馆藏地/架位号 状态 备注
1 1217480   212174804   第一样本阅览室/ [索取号:G630/639] 在馆    
2 1217481   212174813   教育系资料室/ [索取号:G630/639] 在馆    
3 1217482   212174822   教育系资料室/ [索取号:G630/639] 在馆    
4 1217483   212174831   第四借阅区/ [索取号:G630/639] 在馆    
唐山师范学院图书馆 欢迎您!
大连网信软件有限公司© 版权所有